<?xml version="1.0" encoding="UTF-8"?>
<record
    xmlns:xsi="http://www.w3.org/2001/XMLSchema-instance"
    xsi:schemaLocation="http://www.loc.gov/MARC21/slim http://www.loc.gov/standards/marcxml/schema/MARC21slim.xsd"
    xmlns="http://www.loc.gov/MARC21/slim">

  <leader>01244nam a2200253uu 4500</leader>
  <controlfield tag="001">1458942</controlfield>
  <controlfield tag="005">20260508091100.0</controlfield>
  <controlfield tag="008">170131s2002                        spa  </controlfield>
  <datafield tag="020" ind1=" " ind2=" ">
    <subfield code="a">9788434418554</subfield>
  </datafield>
  <datafield tag="035" ind1=" " ind2=" ">
    <subfield code="a">1458942</subfield>
  </datafield>
  <datafield tag="040" ind1=" " ind2=" ">
    <subfield code="c">comduadb</subfield>
  </datafield>
  <datafield tag="041" ind1=" " ind2=" ">
    <subfield code="a">spa</subfield>
  </datafield>
  <datafield tag="082" ind1=" " ind2="4">
    <subfield code="a">302</subfield>
  </datafield>
  <datafield tag="100" ind1="1" ind2="0">
    <subfield code="a">Girbau Massana, M.Dolors</subfield>
    <subfield code="4">aut</subfield>
    <subfield code="e">aut</subfield>
    <subfield code="9">748719</subfield>
  </datafield>
  <datafield tag="245" ind1="1" ind2="0">
    <subfield code="a">Psicolog&#xED;a de la comunicaci&#xF3;n</subfield>
  </datafield>
  <datafield tag="260" ind1=" " ind2=" ">
    <subfield code="a">Barcelona :</subfield>
    <subfield code="b">Ariel,</subfield>
    <subfield code="c">2002.</subfield>
  </datafield>
  <datafield tag="300" ind1=" " ind2=" ">
    <subfield code="a">204 p&#xE1;ginas</subfield>
  </datafield>
  <datafield tag="490" ind1="0" ind2=" ">
    <subfield code="a">Ciencias sociales Ariel : Psicolog&#xED;a</subfield>
  </datafield>
  <datafield tag="520" ind1="3" ind2=" ">
    <subfield code="a">RESUMEN: La psicolog&#xED;a de la comunicaci&#xF3;n plantea un importante reto en el siglo XXI: la conexi&#xF3;n entre el enfoque cognitivo y la perspectiva social. Esta obra presenta las principales conclusiones existentes hasta la fecha desde ambas aproximaciones, sin olvidar los fundamentos y aplicaciones de la disciplina. Asimismo, analiza numerosos trabajos sobre evaluaci&#xF3;n y entrenamiento de las habilidades comunicativas en diversos colectivos: patolog&#xED;as del lenguaje, psicopatolog&#xED;as, biling&#xFC;ismo, infancia, etc.</subfield>
  </datafield>
  <datafield tag="650" ind1=" " ind2="7">
    <subfield code="a">Psicolog&#xED;a social</subfield>
    <subfield code="2">lemb</subfield>
    <subfield code="9">127</subfield>
  </datafield>
  <datafield tag="650" ind1=" " ind2="7">
    <subfield code="a">Comunicaci&#xF3;n</subfield>
    <subfield code="x">Aspectos sociales</subfield>
    <subfield code="2">lemb</subfield>
    <subfield code="9">63480</subfield>
  </datafield>
  <datafield tag="650" ind1=" " ind2="7">
    <subfield code="a">Comunicaci&#xF3;n</subfield>
    <subfield code="x">Aspectos psicol&#xF3;gicos</subfield>
    <subfield code="2">lemb</subfield>
    <subfield code="9">62986</subfield>
  </datafield>
  <datafield tag="942" ind1=" " ind2=" ">
    <subfield code="c">BOOK</subfield>
  </datafield>
  <datafield tag="999" ind1=" " ind2=" ">
    <subfield code="c">755888</subfield>
    <subfield code="d">755888</subfield>
  </datafield>
  <datafield tag="952" ind1=" " ind2=" ">
    <subfield code="0">0</subfield>
    <subfield code="1">0</subfield>
    <subfield code="4">0</subfield>
    <subfield code="7">0</subfield>
    <subfield code="8">GENERAL</subfield>
    <subfield code="a">BAPAR</subfield>
    <subfield code="b">BAPAR</subfield>
    <subfield code="d">2017-01-31</subfield>
    <subfield code="e">Agapea</subfield>
    <subfield code="g">82372.00</subfield>
    <subfield code="i">C1257387</subfield>
    <subfield code="l">1</subfield>
    <subfield code="o">302.2 G523</subfield>
    <subfield code="p">1022490</subfield>
    <subfield code="r">2025-11-04 16:47:01</subfield>
    <subfield code="s">2025-10-08</subfield>
    <subfield code="t">1</subfield>
    <subfield code="w">2023-05-03</subfield>
    <subfield code="y">BOOK</subfield>
  </datafield>
  <datafield tag="952" ind1=" " ind2=" ">
    <subfield code="0">0</subfield>
    <subfield code="1">0</subfield>
    <subfield code="4">0</subfield>
    <subfield code="7">0</subfield>
    <subfield code="8">GENERAL</subfield>
    <subfield code="a">ANDES</subfield>
    <subfield code="b">ANDES</subfield>
    <subfield code="d">2019-08-21</subfield>
    <subfield code="e">Buscalibre</subfield>
    <subfield code="g">69900.00</subfield>
    <subfield code="i">C1319002</subfield>
    <subfield code="l">0</subfield>
    <subfield code="o">302.2 G523</subfield>
    <subfield code="p">01085552</subfield>
    <subfield code="r">2023-05-03 00:00:00</subfield>
    <subfield code="t">2</subfield>
    <subfield code="w">2023-05-03</subfield>
    <subfield code="y">BOOK</subfield>
  </datafield>
</record>
